LEADER 01465nam0 2200337 450 001 000045390 005 20181017121403.0 100 $a20181005d1949----km-y0itaa50------ba 101 0 $aita 102 $aIT 200 1 $a<> kaki o Diospiro$enotizie storiche ed economiche, botanica e varietà agricole, coltivazione, cause nemiche, commercio, 48 figure$fAlessandro Morettini 210 $aRoma$cRamo editoriale degli agricoltori$d1949 215 $a144 p.$cill.$d21 cm 225 2 $aBiblioteca per l'insegnamento agrario professionale$v160-161 300 $aL. 380 312 $aTitolo in copertina: Il kaki 316 $aLegato con altri volumi 316 $aSul dorso del volume rilegato: Biblioteca per l'insegnamento agrario 410 0$12001$aBiblioteca per l'insegnamento agrario professionale$v160-161 517 $a<> kaki 606 1 $aKaki$xColtivazione 676 $a634.45$v(22. ed.)$9Altri frutti. Diospiri (Cachi) 700 1$aMorettini,$bAlessandro$070460 801 0$aIT$bUniversità della Basilicata - B.I.A.$gREICAT$2unimarc 912 $a000045390 996 $aKaki o Diospiro$91535715 997 $aUNIBAS CAT $aSTD120$b01$c20181005$lBAS01$h1816 CAT $aTTM$b30$c20181017$lBAS01$h1214 FMT Z30 -1$lBAS01$LBAS01$mBOOK$1BASA2$APolo Tecnico-Scientifico$2FVIG$BFondo Viggiani$3FVig/43582$643582H4$5T43582H4$7Collocato presso la Scuola di Agraria$820181005$f35$FStanza riservata$hRilegato con altri volumi LEADER 01225oam 2200409zu 450 001 996212354603316 005 20210803232850.0 035 $a(CKB)1000000000565375 035 $a(SSID)ssj0001098847 035 $a(PQKBManifestationID)11587323 035 $a(PQKBTitleCode)TC0001098847 035 $a(PQKBWorkID)11046580 035 $a(PQKB)11636461 035 $a(WaSeSS)IndRDA00009422 035 $a(EXLCZ)991000000000565375 100 $a20160829d2000 uy 101 0 $aeng 135 $aur||||||||||| 181 $ctxt 182 $cc 183 $acr 200 00$aProperty rights & competition 210 31$a[Place of publication not identified]$cCentre for Independent Studies$d2000 215 $a1 online resource (20 pages) 300 $aBibliographic Level Mode of Issuance: Monograph 311 $a1-86432-034-6 606 $aBusiness & Economics$2HILCC 606 $aEconomic Theory$2HILCC 607 $aAustralia$xEconomic conditions 615 7$aBusiness & Economics 615 7$aEconomic Theory 700 $aKasper$b Wolfgang$0257308 801 0$bPQKB 906 $aBOOK 912 $a996212354603316 996 $aProperty rights & competition$92850804 997 $aUNISA